Movie Titles By Antonyms - Statistics

General Stats
  • This quiz has been taken 1,075 times
  • The average score is 10 of 14
Answer Stats
Antonyms Answer % Correct
Losing Nemo Finding Nemo
95%
Women In White Men In Black
94%
Down Up
94%
The Witch Of Oz The Wizard Of Oz
91%
Transformers:Light Of The Sun Dark Of The Moon
75%
Slow Five Fast Five
73%
Boats 2 Cars 2
72%
Town Darks City Lights
72%
Apocalypse Later Apocalypse Now
70%
Steel Woman 2 Iron Man 2
70%
Calm,Smart,Hate Crazy,Stupid,Love
64%
Here With The Air Gone With The Wind
60%
Old Kid Young Adult
59%
Not My Girl That's My Boy!
26%
No matching quizzes found
Score Distribution
Percent of People with Each Score
Percentile by Number Answered
Your Score History
You have not taken this quiz